| 000 | 00372nam a2200133Ia 4500 | ||
|---|---|---|---|
| 008 | 220120s9999||||xx |||||||||||||| ||und|| | ||
| 082 | _a620.106 ESP | ||
| 100 | _aEsposito, Anthony | ||
| 245 | 0 | _aFluid power with applications | |
| 250 | _a6th | ||
| 260 |
_aPearson education of asia _bBangalooru _c2013 |
||
| 300 |
_a234p. _b120 |
||
| 650 | _aELECTRONICS AND COMMUNICATIONS | ||
| 999 |
_c132867 _d132867 |
||